• 首页
  • 本馆介绍
  • 公告通知
  • 最新文献
  • 馆藏检索
  • 电子资源
  • 读者导购
  • 参考咨询
  • 我的图书馆
  • 登录
  • 详细信息显示
  • 放入我的书架
  • 预约/预借图书
  • 作者相关作品
  • 分类相关作品
  • 丛书相关作品
  • 出版社相关作品

书目信息

  • 表格格式
  • 工作单格式
  • 卡片格式
题名:
图解法语多媒体课堂
    
 
作者: 宋美钰 著
分册:  
出版信息: 北京   中国水利水电出版社  2016
页数: 245页
开本: 24cm
丛书名:
单 册:
中图分类: H32
科图分类:
主题词: 法语--fa yu--自学参考资料
电子资源:
ISBN: 978-7-5170-4173-3
000 01084nam0 22002531 450
001 0120082153
005 20170327105636.14
010    @a978-7-5170-4173-3@dCNY39.80
100    @a20160511d2016 em y0chiy50 ea
101 0  @achi@afre
102    @aCN@b110000
105    @aa z 000yy
106    @ar
200 1  @a图解法语多媒体课堂@Atu jie fa yu duo mei ti ke tang@9ling qi dian fa yu duo mei ti ke tang@e手把手教你从入门到熟练的法语书@f宋美钰著
210    @a北京@c中国水利水电出版社@d2016
215    @a245页@c图@d24cm
300    @a专为初学者设计的法语学习书
330    @a本书的目的就是为法语学习者搭建一座通往法国的桥梁。全书共分为发音篇、词汇篇、句子篇、会话篇和语法篇五个章节,为法语初级入门打造了五堂法语必修课,帮助读者轻松克服法语的学习难题,目的在于让读者如同亲临课堂一般,学习到标准地道的法语。
517 1  @a手把手教你从入门到熟练的法语书@9shou ba shou jiao ni cong ru men dao shou lian de fa yu shu
606 0  @a法语@9fa yu@j自学参考资料
690    @aH32@v5
701  0 @a宋美钰@9song mei yu@4著
801  0 @aCN@bTANGWEI@c20170308
905    @b0956692-5@dH32@e116@f4
    
    图解法语多媒体课堂:手把手教你从入门到熟练的法语书/宋美钰著.-北京:中国水利水电出版社,2016
    245页:图;24cm
    专为初学者设计的法语学习书
    
    ISBN 978-7-5170-4173-3:CNY39.80
    本书的目的就是为法语学习者搭建一座通往法国的桥梁。全书共分为发音篇、词汇篇、句子篇、会话篇和语法篇五个章节,为法语初级入门打造了五堂法语必修课,帮助读者轻松克服法语的学习难题,目的在于让读者如同亲临课堂一般,学习到标准地道的法语。
●
相关链接 在E读中查询图书 在五车中查询图书 在当当中查询图书 在豆瓣中查询图书


正题名:图解法语多媒体课堂     索取号:H32/116         预约/预借

序号 登录号 条形码 馆藏地/架位号 状态 备注
1 0956692   209566922   第二样本阅览室/ [索取号:H32/116] 在馆    
2 0956693   209566931   第四借阅区/ [索取号:H32/116] 在馆    
3 0956694   209566940   第四借阅区/ [索取号:H32/116] 在馆    
4 0956695   209566959   第四借阅区/ [索取号:H32/116] 在馆    
唐山师范学院图书馆 欢迎您!
大连网信软件有限公司© 版权所有